| Поле | Инд. | ПП | Название | Значение |
|---|---|---|---|---|
| Тип записи | a | |||
| Библиографический уровень | b | |||
| 001 | Контрольный номер | DU/538583576 | ||
| 005 | Дата корректировки | 20220905145144.7 | ||
| 008 | Кодируемые данные | 20130111 | ||
| 040 | b | Код языка каталог. | rus | |
| e | Правила каталог. | PSBO | ||
| 041 | 0_ | a | Код языка текста | rus |
| 084 | a | Индекс другой классификации/Индекс ББК | 63.3(2)511-3-6 | |
| 100 | 1_ | a | Автор | Захаров А. В. |
| q | Полное имя | Захаров Андрей Викторович | ||
| 245 | 10 | a | Заглавие | Пополнение знаний о Новом Свете при Петре I |
| 504 | a | Библиография | Лит. в примеч. в конце статьи | |
| 520 | a | Аннотация | Существовало несколько путей получения знаний в петровской России: Посольский и Сибирский приказы, а позже - Кабинет Петра I, консульские конторы и Коллегия иностранных дел. Каналы поступления информации о заокеанских землях расширялись и по социальному статусу информаторов... | |
| 600 | a | Персоналии | Беклемишев Петр Иванович | |
| a | Персоналии | Петр I Великий | ||
| 650 | a | Основная рубрика | внешняя политика | |
| a | Основная рубрика | внутренняя политика | ||
| a | Основная рубрика | история | ||
| 653 | 1_ | a | Ключевые слова | XVI век |
| a | Ключевые слова | XVII век | ||
| a | Ключевые слова | XVIII век | ||
| a | Ключевые слова | Америка | ||
| a | Ключевые слова | государственные интересы | ||
| a | Ключевые слова | колонизация | ||
| a | Ключевые слова | международные отношения | ||
| a | Ключевые слова | открытие Америки | ||
| a | Ключевые слова | Посольский приказ | ||
| a | Ключевые слова | просвещение | ||
| a | Ключевые слова | путешествия | ||
| a | Ключевые слова | развитие знания | ||
| a | Ключевые слова | Россия | ||
| a | Ключевые слова | Сибирский приказ | ||
| a | Ключевые слова | торговля | ||
| 773 | 0_ | t | Заглавие источника | Вопросы истории |
| d | Дата издания источника | 2015 | ||
| g | Прочая информация | № 11. - С. 146 - 153 | ||
| w | Контрольный № источника | RU/IS/BASE/501003691 | ||
| 901 | t | Тип документа | b |